The Hunger Games : (Record no. 368)
[ view plain ]
| 000 -LEADER | |
|---|---|
| fixed length control field | 01199nam a2200205 a 4500 |
| 005 - DATE AND TIME OF LATEST TRANSACTION | |
| control field | 20260322212017.0 |
| 008 - FIXED-LENGTH DATA ELEMENTS--GENERAL INFORMATION | |
| fixed length control field | data |
| 090 ## - LOCALLY ASSIGNED LC-TYPE CALL NUMBER (OCLC); LOCAL CALL NUMBER (RLIN) | |
| Classification number (OCLC) (R) ; Classification number, CALL (RLIN) (NR) | DVD 1013 |
| 001 - CONTROL NUMBER | |
| control field | data |
| 245 04 - TITLE STATEMENT | |
| Title | The Hunger Games : |
| Remainder of title | Part I Mockingjay. |
| Statement of responsibility, etc. | edited by Jennifer Lawrence, Josh Hucherson & Liam Hemsworth. |
| 260 ## - PUBLICATION, DISTRIBUTION, ETC. | |
| Place of publication, distribution, etc. | Santa Monica, CA : |
| Name of publisher, distributor, etc. | Lionsgate, |
| Date of publication, distribution, etc. | 2014. |
| 300 ## - PHYSICAL DESCRIPTION | |
| Extent | DVD video 1 videodisc (approximately 123 min.) : sound, color ; |
| Other physical details | 4 3/4 in. |
| 500 ## - GENERAL NOTE | |
| General note | Based on the novel "Mockingjay" by Suzanne Collins./ |
| 520 ## - SUMMARY, ETC. | |
| Summary, etc. | Katniss Everdeen, girl on fire, has survived. She awakens from the cruel and haunting Quarter Quell deep inside the bunkered catacombs of District 13. Separated from some of her closest allies and fearing for their safety in the Capitol, Katness finally agrees to be the Mockingjay, the symbolic leader of the rebellion. Still uncertain as to whom she can trust, Katniss must help 13 rise from the shadows, all the while knowing that President Snow has focused his hatred into a personal vendetta against her - and her loved ones. |
| 650 #0 - SUBJECT ADDED ENTRY--TOPICAL TERM | |
| Topical term or geographic name entry element | Science fiction films |
| 650 #0 - SUBJECT ADDED ENTRY--TOPICAL TERM | |
| Topical term or geographic name entry element | Action and adventure films |
| 700 1# - ADDED ENTRY--PERSONAL NAME | |
| Personal name | Lawrence, Jennifer |
| 700 1# - ADDED ENTRY--PERSONAL NAME | |
| Personal name | Hucherson, Josh |
| 700 1# - ADDED ENTRY--PERSONAL NAME | |
| Personal name | Hemsworth, Liam |
| Withdrawn status | Lost status | Damaged status | Not for loan | Home library | Current library | Shelving location | Date acquired | Total checkouts | Full call number | Barcode | Date last seen | Price effective from | Koha item type |
|---|---|---|---|---|---|---|---|---|---|---|---|---|---|
| Riverside | Riverside | General stacks | 22/03/2026 | GEN | BC0010378 | 22/03/2026 | 22/03/2026 | Books |